<?xml version="1.0" encoding="UTF-8"?>
<record
    xmlns:xsi="http://www.w3.org/2001/XMLSchema-instance"
    xsi:schemaLocation="http://www.loc.gov/MARC21/slim http://www.loc.gov/standards/marcxml/schema/MARC21slim.xsd"
    xmlns="http://www.loc.gov/MARC21/slim">

  <leader>03119nmm a2200397   4500</leader>
  <datafield tag="999" ind1=" " ind2=" ">
    <subfield code="c">14462</subfield>
    <subfield code="d">14462</subfield>
  </datafield>
  <controlfield tag="001"> 53755</controlfield>
  <controlfield tag="003">Biblioteca APEC</controlfield>
  <controlfield tag="005">20251014134039.0</controlfield>
  <controlfield tag="008">190205b2018    dr ||||| |||| 00| 0 spa d</controlfield>
  <datafield tag="040" ind1=" " ind2=" ">
    <subfield code="c">Biblioteca APEC</subfield>
  </datafield>
  <datafield tag="041" ind1=" " ind2=" ">
    <subfield code="a">spa</subfield>
  </datafield>
  <datafield tag="090" ind1=" " ind2=" ">
    <subfield code="a">eT TPG-CI MAS-04 2018</subfield>
  </datafield>
  <datafield tag="100" ind1=" " ind2=" ">
    <subfield code="a">D&#xED;az Rosario, Reina Mercedes</subfield>
    <subfield code="9">44795</subfield>
  </datafield>
  <datafield tag="245" ind1=" " ind2=" ">
    <subfield code="a">Propuesta de estrategias, t&#xE9;cnicas y metodolog&#xED;as did&#xE1;cticas para la ense&#xF1;anza de las operaciones fundamentales de n&#xFA;meros naturales y su aplicaci&#xF3;n en la vida cotidiana en los estudiantes de segundo ciclo del nivel primario escuela profesora Hilda Reyes Puello, a&#xF1;o escolar 2018-2019 /</subfield>
    <subfield code="c">Reina Mercedes D&#xED;az Rosario; Asesor : Ricardo Benjam&#xED;n Valdez Reyes</subfield>
  </datafield>
  <datafield tag="260" ind1=" " ind2=" ">
    <subfield code="a">Hato Mayor del Rey :</subfield>
    <subfield code="b">Universidad APEC,</subfield>
    <subfield code="c">2018</subfield>
  </datafield>
  <datafield tag="300" ind1=" " ind2=" ">
    <subfield code="a">1 CD ROM</subfield>
  </datafield>
  <datafield tag="500" ind1=" " ind2=" ">
    <subfield code="a">CAMPUS I</subfield>
  </datafield>
  <datafield tag="500" ind1=" " ind2=" ">
    <subfield code="a">Tesis en Formato PDF</subfield>
  </datafield>
  <datafield tag="500" ind1=" " ind2=" ">
    <subfield code="a">Tesis en Formato Electr&#xF3;nico</subfield>
  </datafield>
  <datafield tag="500" ind1=" " ind2=" ">
    <subfield code="a">Tesis en Formato Digital</subfield>
  </datafield>
  <datafield tag="502" ind1=" " ind2=" ">
    <subfield code="a">Tesis (Maestr&#xED;a en Matem&#xE1;tica Superior) - Universidad APEC, 2018</subfield>
  </datafield>
  <datafield tag="505" ind1=" " ind2=" ">
    <subfield code="a">MARCO DE REFERENCIA
1.1 Marco te&#xF3;rico &#x2013; 8
1.1.1 Antecedentes -- 8
1.1.2 Base te&#xF3;rica -- 10
1.1.3 Estrategias did&#xE1;cticas -- 13
1.1.4 Enfoque por competencias -- 37
1.2 Marco conceptual &#x2013; 38
ESTRATEGIA DID&#xC1;CTICA
2.1 Descripcion de la estrategia &#x2013; 42
2.2 Planificaci&#xF3;n &#x2013; 45
2.3 Ejecuci&#xF3;n &#x2013; 50
2.4 Evaluaci&#xF3;n &#x2013; 61
Conclusiones - 63
Recomendaciones - 65
</subfield>
  </datafield>
  <datafield tag="520" ind1=" " ind2=" ">
    <subfield code="a"> La presente tesis muestra una propuesta de estrategias, t&#xE9;cnicas y metodolog&#xED;as did&#xE1;cticas para la ense&#xF1;anza de las operaciones fundamentales de n&#xFA;meros naturales y su aplicaci&#xF3;n en la vida diaria de los alumnos de segundo ciclo de la educaci&#xF3;n primaria, enfocados en la situaci&#xF3;n actual del centro educativo Prof. Hilda Reyes Puello de la provincia Hato Mayor. Es decir, que esta propuesta incluye una serie de t&#xF3;picos analizados de manera minuciosa acerca del proceso ense&#xF1;anzaaprendizaje de las operaciones fundamentales basadas en situaciones que se presentan en la cotidianidad como una opci&#xF3;n para solucionar problemas e impulsar a los estudiantes de este nivel a utilizar el pensamiento cr&#xED;tico y l&#xF3;gico. La investigaci&#xF3;n realizada arroja como resultado una alternativa que propicia el dinamismo de la labor docente y estudiantil, y que ayudara a la implementaci&#xF3;n  de los contenidos aprendidos en clase en situaciones que se presenten dentro y fuera del aula, por lo cual ser&#xE1;n recordados con mayor frecuencia. </subfield>
  </datafield>
  <datafield tag="650" ind1=" " ind2=" ">
    <subfield code="a">Matem&#xE1;ticas</subfield>
    <subfield code="x">Ense&#xF1;anza</subfield>
    <subfield code="9">44924</subfield>
  </datafield>
  <datafield tag="650" ind1=" " ind2=" ">
    <subfield code="a">N&#xFA;meros naturales</subfield>
    <subfield code="x">Ense&#xF1;anza</subfield>
    <subfield code="9">44925</subfield>
  </datafield>
  <datafield tag="650" ind1=" " ind2=" ">
    <subfield code="a">Teor&#xED;a de los n&#xFA;meros</subfield>
    <subfield code="9">44926</subfield>
  </datafield>
  <datafield tag="650" ind1=" " ind2=" ">
    <subfield code="a">Metodolog&#xED;a en matem&#xE1;ticas</subfield>
    <subfield code="9">44917</subfield>
  </datafield>
  <datafield tag="650" ind1=" " ind2=" ">
    <subfield code="a">Pedagog&#xED;a</subfield>
    <subfield code="9">44927</subfield>
  </datafield>
  <datafield tag="700" ind1=" " ind2=" ">
    <subfield code="a">Valdez Reyes, Ricardo Benjam&#xED;n</subfield>
    <subfield code="e">asesor</subfield>
    <subfield code="9">44796</subfield>
  </datafield>
  <datafield tag="856" ind1=" " ind2=" ">
    <subfield code="u">https://bibliotecaunapec.blob.core.windows.net/tesis/TPG_CI_MAS_04_2018_ET180260.pdf</subfield>
    <subfield code="y">Hacer clic para ver el PDF. (1.15 MB). Trabajo de Posgrado</subfield>
  </datafield>
  <datafield tag="942" ind1=" " ind2=" ">
    <subfield code="2">ddc</subfield>
    <subfield code="c">E-TES</subfield>
  </datafield>
  <datafield tag="336" ind1=" " ind2=" ">
    <subfield code="a">Texto</subfield>
    <subfield code="b">txt</subfield>
    <subfield code="2">rdacontent</subfield>
  </datafield>
  <datafield tag="337" ind1=" " ind2=" ">
    <subfield code="a">ordenador</subfield>
    <subfield code="b">c</subfield>
    <subfield code="2">rdamedia</subfield>
  </datafield>
  <datafield tag="338" ind1=" " ind2=" ">
    <subfield code="a">recurso en l&#xED;nea</subfield>
    <subfield code="b">cr</subfield>
    <subfield code="2">rdacarrier</subfield>
  </datafield>
  <datafield tag="072" ind1=" " ind2=" ">
    <subfield code="a">Facultad de Humanidades</subfield>
  </datafield>
</record>
